Normal view
MARC view
Entry Personal Name
001 - CONTROL NUMBER
- control field: 11300
003 - CONTROL NUMBER IDENTIFIER
- control field: ARRUPE
005 - DATE AND TIME OF LATEST TRANSACTION
- control field: 20140915150407.0
008 - FIXED-LENGTH DATA ELEMENTS
- fixed length control field: 140915|| aca||aabn | a|a d
040 ## - CATALOGING SOURCE
- Original cataloging agency: ARRUPE
- Transcribing agency: ARRUPE
100 ## - HEADING--PERSONAL NAME
- Personal name: Whitehead, Alfred North,
- Dates associated with a name: 1861-1947.
670 ## - SOURCE DATA FOUND
- Source citation: Work cat.: (ARRUPE)0: Jones, Judith A., 1963- 11299, Intensity :, 1998.